000 00754nam a2200265 c 4500
003 BLK
005 20190913121311.0
008 180911b bul|||||r ||||||| ||bul||
010 _a004219
040 _aBLK
041 _aFRE
080 _aЕпиктет
_x
_z101(37)
100 1 _aEPICTETE
_eпърви автор
245 0 0 _aManuel
260 _aParis
_bHatier
_c1940
300 _a63 с
_c17 см
380 _a1
490 _aLes Classiques pour tous
490 _aЧастна колекция - Академик Михаил Арнаудов
_gДарение - Основен фонд
655 _aФилософия
700 1 _aEpictete
_e
700 1 _a Trad. et ed. Paul Lemaire
852 _aМА 935
942 _cKNG
_n0
944 _aCR
_c1996
_kValK
999 _c344554
_d344554